000 00417nam a2200169Ia 4500
003 GCL
008 140319s9999 xx 000 0 eng d
040 _aGCL /
_cGCL
082 0 4 _a843
_bS T
100 1 _aSIMONIN, ALBERT
245 1 0 _aTOUCHEZ PASAU GRISBI ! /
_cSIMONIN, ALBERT
260 _a[S.N] :
_bFOLIO ،
_c1989
300 _a275 P
650 0 4 _aLITERATURE
650 0 4 _aFRENCH LITERATURE
942 _2ddc
_cBK
999 _c22553
_d22553